| 000 | 00747nam a2200217 a 4500 | ||
|---|---|---|---|
| 001 | 000033521 | ||
| 003 | OSt | ||
| 005 | 20210428141528.0 | ||
| 008 | 110411s1930 dr 000 0 spa d | ||
| 040 |
_aDO-SdBNP _bspa _cBNPHU |
||
| 082 |
_a371.006 _bE79a _222 |
||
| 245 | 0 | 1 | _aEstatutos de la Asociación de Maestros de Santo Domingo. |
| 260 |
_aSanto Domingo : _bImprenta P. A. Gómez, _c1930. |
||
| 300 |
_a19 p. ; _c24 cm. |
||
| 500 | _aFundada el 15 de agosto de 1925 | ||
| 590 | _aInventariado, 2019/VM | ||
| 610 | 1 | 4 |
_aASOCIACIONES DE MAESTROS _zSANTO DOMINGO, REPÚBLICA DOMINICANA _959034 |
| 650 | 4 |
_aMaestros _zRepública Dominicana _vEstatutos, Reglamentos, etc. _959032 |
|
| 910 | _aValidado. Control de calidad MFF | ||
| 942 |
_2ddc _cLBS1 |
||
| 999 |
_c33012 _d33012 |
||